| 000 | 01074cam a22003377a 4500 | ||
|---|---|---|---|
| 003 | CHAP | ||
| 005 | 20220329135800.0 | ||
| 008 | 971013s r 00010 d | ||
| 010 | _a42013 | ||
| 011 | _a42985 | ||
| 035 | _a47115 | ||
| 040 | _cCHAP | ||
| 090 | _aFolleto 5908 | ||
| 110 |
_aEscuela Particular de Agricultura. Cd. Juárez, Chih. _937611 |
||
| 245 | 0 | _aAprovechamiento del cerdo | |
| 260 |
_a(s.l.) : _bEscuela Particular de Agricultura, _c(s.a.) |
||
| 300 | _a8 p. | ||
| 410 | _aEscuela Particular de Agricultura | ||
| 490 | 0 |
_aBoletín 2a. serie _v; 1 |
|
| 590 |
_aBATCH-UPD _b10 _c20130110 _lUCH01 _h1557 |
||
| 590 |
_aBATCH-UPD _b10 _c20130410 _lUCH01 _h0954 |
||
| 590 |
_aBATCH-UPD _b10 _c20130914 _lUCH01 _h1521 |
||
| 590 |
_aCONVERSION _b10 _c20130109 _lUCH01 _h1323 |
||
| 650 | 1 | 4 |
_aGanado porcino. _945328 |
| 650 | 1 | 4 |
_aProductos pecuarios. _992156 |
| 810 | 0 | 0 |
_aEscuela Particular de Agricultura _937608 |
| 830 | 0 |
_aBoletín 2a. serie _v; 1 _913508 |
|
| 901 | _aBK | ||
| 942 | _cFOLL | ||
| 949 |
_aFolleto 5908 _bBC _cBPP _d-107175 _eBPP _i47115 _mD _si |
||
| 999 |
_c42013 _d42013 |
||